000 00599nam a2200193 i 4500
001 52255
003 ES-MaACL
005 20250808003557.0
007 t|
008 030827s1971 sp ||||1| spa d
100 1 _aChumillas, José.
_938697
245 1 0 _aEducación de la fé en familia
_b: catequesis de preparación a la Primera Comunión /
_cJosé Chumilla.
260 _aMadrid :
_bMarova,
_c[1971]
300 _a52 p. ;
_c22 cm.
490 1 _aLuz de los hombres
830 0 0 _aLuz de los hombres
_9230198
852 _aES-MaACL
_j2077-F-12
_bR.77032
999 _c52255
_d52255